| 000 | 00888nam0a2200277 4500 | ||
|---|---|---|---|
| 001 | RU\NLR\BIBL_A\010471655 | ||
| 005 | 20260405104908.0 | ||
| 010 |
_a5-222-10201-7 _93000 |
||
| 035 | _a(NLR Aleph) 010471655 | ||
| 090 |
_a10022639 _c10022639 |
||
| 100 | _a20141002d2006 |||y0rusy50 ca | ||
| 101 | 0 | _arus | |
| 102 | _aRU | ||
| 105 | _ay ||z|||000yy | ||
| 200 | 1 |
_aЦелительная астрология _fЕ. Востокова |
|
| 210 |
_aРостов-на-Дону _cФеникс _d2006 |
||
| 215 |
_a286 с. _d20 |
||
| 300 | _aНа обл. авт. не указан | ||
| 606 | 1 |
_aАстрология _91178522 _3RU\NLR\AUTH\66156241 |
|
| 686 | 2 | _aЭ391.211 | |
| 700 | 1 |
_8rus _7ca _aВостокова _bЕ. _gЕвгения _3RU\NLR\auth\7740270 _923222 |
|
| 942 | _cBOOK | ||
| 980 | _aNB | ||